<?xml version="1.0" encoding="UTF-8"?>
<collection xmlns="http://www.loc.gov/MARC21/slim">
 <record>
  <leader>00371pamaa2200109   4500</leader>
  <controlfield tag="001">0000024779</controlfield>
  <controlfield tag="005">20070129090000.0</controlfield>
  <datafield tag="090" ind1="0" ind2="0">
   <subfield code="a">PE1097 </subfield>
   <subfield code="b">MOS 1992</subfield>
  </datafield>
  <datafield tag="245" ind1="0" ind2="4">
   <subfield code="a">The 76 MOST Common grammar and writing errors and how to avoid them  </subfield>
   <subfield code="c">editors of Communication Briefings.</subfield>
  </datafield>
  <datafield tag="260" ind1="0" ind2="0">
   <subfield code="a">Alexandria: </subfield>
   <subfield code="b">Briefings Pub. Group, </subfield>
   <subfield code="c">[19?].</subfield>
  </datafield>
  <datafield tag="300" ind1=" " ind2=" ">
   <subfield code="a">48p.; </subfield>
   <subfield code="c">20cm.</subfield>
  </datafield>
  <datafield tag="650" ind1="0" ind2="0">
   <subfield code="a">English language -- </subfield>
   <subfield code="x">Usage </subfield>
  </datafield>
 </record>
</collection>
